Սրբոյ հօրն մերոյ Եղիշէի վարդապետի մատենագրութիւնք : (Record no. 534995)
[ view plain ]
| 000 -LEADER | |
|---|---|
| fixed length control field | 01041nam a2200241 a 4500 |
| 001 - CONTROL NUMBER | |
| control field | 2020198 |
| 003 - CONTROL NUMBER IDENTIFIER | |
| control field | AM-YEHGA |
| 005 - DATE AND TIME OF LATEST TRANSACTION | |
| control field | 20250703114807.0 |
| 008 - FIXED-LENGTH DATA ELEMENTS--GENERAL INFORMATION | |
| fixed length control field | 250527s1859 it ||||r|||||00||0|arm|d |
| 040 ## - CATALOGING SOURCE | |
| Original cataloging agency | AM-YEHGA |
| 041 0# - LANGUAGE CODE | |
| Language code of text/sound track or separate title | arm |
| 100 00 - MAIN ENTRY--PERSONAL NAME | |
| Personal name | Եղիշե, |
| Dates associated with a name | V դ. |
| 9 (RLIN) | 3323 |
| 245 10 - TITLE STATEMENT | |
| Title | Սրբոյ հօրն մերոյ Եղիշէի վարդապետի մատենագրութիւնք : |
| Remainder of title | Ըստ ընտրելագոյն ընթերցուածոյ գրչագրաց / |
| Statement of responsibility, etc. | Եղիշէ. |
| 260 ## - PUBLICATION, DISTRIBUTION, ETC. | |
| Place of publication, distribution, etc. | Վենետիկ : |
| Name of publisher, distributor, etc. | Ս. Ղազար, |
| Date of publication, distribution, etc. | 1859. |
| 300 ## - PHYSICAL DESCRIPTION | |
| Extent | 384 էջ |
| 440 #0 - SERIES STATEMENT/ADDED ENTRY--TITLE | |
| Title | Մատենագրութիւնք նախնեաց ; |
| Name of part/section of a work | Եղիշէ |
| 500 ## - GENERAL NOTE | |
| General note | Շարվածքը՝ 17,5x9 սմ: |
| 500 ## - GENERAL NOTE | |
| General note | Տիտղթ. վրա զարդ: Քրիստոսի և հայկական թվերը չեն համապատասխանում: |
| 650 14 - SUBJECT ADDED ENTRY--TOPICAL TERM | |
| Topical term or geographic name entry element | Հայոց պատմություն |
| 650 10 - SUBJECT ADDED ENTRY--TOPICAL TERM | |
| Topical term or geographic name entry element | Հայ պատմագրություն |
| 9 (RLIN) | 8 |
| 856 41 - ELECTRONIC LOCATION AND ACCESS | |
| Uniform Resource Identifier | <a href="https://haygirk.nla.am/upload/1512-1940/1851-1900/exishe1859.pdf">https://haygirk.nla.am/upload/1512-1940/1851-1900/exishe1859.pdf</a> |
| Link text | Կարդալ առցանց |
| 942 ## - ADDED ENTRY ELEMENTS (KOHA) | |
| Source of classification or shelving scheme | Universal Decimal Classification |
| Koha item type | Գրքեր / Books |
| Withdrawn status | Lost status | Source of classification or shelving scheme | Damaged status | Not for loan | Collection | Home library | Current library | Date acquired | Total checkouts | Full call number | Barcode | Date last seen | Price effective from | Koha item type | Public note |
|---|---|---|---|---|---|---|---|---|---|---|---|---|---|---|---|
| Universal Decimal Classification | Zhamkochyan Individual collection | Fundamental Scientific Library | Fundamental Scientific Library | 27/05/2025 | Ժամ/640 | FL0693754 | 27/05/2025 | 27/05/2025 | Գրքեր / Books | ILL Non-Circ. |
ՀՀ Գիտությունների ազգային ակադեմիայի հիմնարար գիտական գրադարան = Fundamental Scientific Library of NAS RA
All site content, except where otherwise noted, is licensed under a